| 000 | 00498nam a2200169Ia 4500 | ||
|---|---|---|---|
| 999 |
_c14029 _d14029 |
||
| 003 | OSt | ||
| 005 | 20201020120026.0 | ||
| 008 | 190216s9999||||xx |||||||||||||| ||und|| | ||
| 040 | _coclc | ||
| 082 |
_a808.02 _bUSA/M |
||
| 100 |
_aUSA, Government _95491 |
||
| 245 | 2 |
_aA Manual Of Style / _cUSA Government Printing Office |
|
| 260 |
_bWings Books Publishers, _c1986. _aUSA: |
||
| 300 | _a479p | ||
| 650 | _aEnglish Language | ||
| 942 |
_cBK _2ddc _h808.02 _iUSA/M _k808.02 _mUSA/M |
||